00270nam a2200109Ia 4500008004100000100002200041245003600063260001500099650002400114942000700138999001500145190216s9999||||xx |||||||||||||| ||und|| aLadli Mohan Mitra 0aText Book Of Inoganic Chemistry bGhose &co. aInorganic Chemistry cBK c1940d1940